| 000 | 00863nam a22002897a 4500 | ||
|---|---|---|---|
| 003 | CHAP | ||
| 005 | 20220329133956.0 | ||
| 008 | 971013s1963 enk r 00010 eng d | ||
| 010 | _a13483 | ||
| 011 | _a14455 | ||
| 035 | _a18529 | ||
| 040 | _cCHAP | ||
| 082 | 0 | 4 |
_a634.9016 _bH4 1963 |
| 100 | 0 | 0 |
_aHemmings, E. F. _eed. _953509 |
| 245 | 1 | _aBasic library list for forestry | |
| 250 | _a3 ed. | ||
| 260 |
_aOxford : _bCommonwealth Forestry Institute, _c1963 |
||
| 300 | _a56 p. | ||
| 590 |
_aBATCH-UPD _b10 _c20130110 _lUCH01 _h1618 |
||
| 590 |
_aBATCH-UPD _b10 _c20130410 _lUCH01 _h1012 |
||
| 590 |
_aBATCH-UPD _b10 _c20130914 _lUCH01 _h0708 |
||
| 590 |
_aCONVERSION _b10 _c20130109 _lUCH01 _h1309 |
||
| 650 | 1 | 4 |
_aBosques _xBibliografía. _914095 |
| 901 | _aBK | ||
| 942 | _cLIBRO | ||
| 949 |
_a634.9016 H4 1963 _bBC _cC _d33724000648416 _eC _h11519 _i18529 _mD _si _t75.00 |
||
| 999 |
_c13483 _d13483 |
||